Kisah peladang dengan takar emas (Record no. 118548)

MARC details
000 -LEADER
fixed length control field 00769nam a2200265 i 4500
001 - CONTROL NUMBER
control field C2-0317479
003 - CONTROL NUMBER IDENTIFIER
control field PPAK
005 - DATE AND TIME OF LATEST TRANSACTION
control field 20180728113645.0
008 - FIXED-LENGTH DATA ELEMENTS--GENERAL INFORMATION
fixed length control field 120919s2012 my a|||| ||||| | may d
020 ## - INTERNATIONAL STANDARD BOOK NUMBER
International Standard Book Number 9789675411977
040 ## - CATALOGING SOURCE
Original cataloging agency PPAK
Language of cataloging eng
Transcribing agency PPAK
Description conventions rda
082 04 - DEWEY DECIMAL CLASSIFICATION NUMBER
Classification number 499.2386
Edition number 23
090 00 - LOCALLY ASSIGNED LC-TYPE CALL NUMBER (OCLC); LOCAL CALL NUMBER (RLIN)
Classification number (OCLC) (R) ; Classification number, CALL (RLIN) (NR) 499.2386
Feature heading HAM
Feature heading K
100 0# - MAIN ENTRY--PERSONAL NAME
Personal name Hamdan Mohd Ali,
Relator term author
245 10 - TITLE STATEMENT
Title Kisah peladang dengan takar emas
264 #1 - PRODUCTION, PUBLICATION, DISTRIBUTION, MANUFACTURE, AND COPYRIGHT NOTICE
Place of production, publication, distribution, manufacture Seremban, Negeri Sembilan :
Name of producer, publisher, distributor, manufacturer Pustaka Cahaya Ilmu ,
Date of production, publication, distribution, manufacture, or copyright notice 2012
300 ## - PHYSICAL DESCRIPTION
Extent 30 pages :
Other physical details colour illustrations ;
Dimensions 21 cm
336 ## - CONTENT TYPE
Source rdacontent
Content type term text
337 ## - MEDIA TYPE
Source rdamedia
Media type term unmediated
338 ## - CARRIER TYPE
Source rdacarrier
Carrier type term volume
490 1# - SERIES STATEMENT
Series statement Siri bacaan bayu
650 10 - SUBJECT ADDED ENTRY--TOPICAL TERM
Topical term or geographic name entry element Bahasa Malaysia - Readers
830 #0 - SERIES ADDED ENTRY--UNIFORM TITLE
Uniform title Siri bacaan bayu
942 ## - ADDED ENTRY ELEMENTS (KOHA)
-- dc
Koha item type Book
Holdings
Withdrawn Not for loan Current library Shelving location Date acquired Full call number Barcode Date last seen Koha item type Total Checkouts Total Renewals Date last checked out
    Perpustakaan Alor Setar Pinjaman Kanak-kanak 19/09/2012 K 499.2386 HAM A01382676 08/12/2022 Book 4 1 30/10/2022
    Perpustakaan Alor Setar Pinjaman Kanak-kanak 19/09/2012 K 499.2386 HAM A01382677 20/12/2025 Book 4 1 29/11/2025
    Perpustakaan Awam Sungai Petani Pinjaman Kanak-kanak 19/09/2012 K 499.2386 HAM A01382678 09/05/2018 Book      
    Perpustakaan Baling Pinjaman Kanak-kanak 19/09/2012 K 499.2386 HAM A01382684 24/03/2025 Book 1   15/03/2025
    Perpustakaan Bandar Baharu Pinjaman Kanak-kanak 19/09/2012 K 499.2386 HAM A01382685 09/05/2018 Book      
    Perpustakaan Jitra Pinjaman Kanak-kanak 19/09/2012 K 499.2386 HAM A01382679 09/05/2018 Book      
    Perpustakaan Kuala Nerang Pinjaman Kanak-kanak 19/09/2012 K 499.2386 HAM A01382686 09/05/2018 Book      
    Perpustakaan Kulim Pinjaman Kanak-kanak 19/09/2012 K 499.2386 HAM A01382681 09/05/2018 Book      
    Perpustakaan Merbok Pinjaman Kanak-kanak 19/09/2012 K 499.2386 HAM A01382688 09/05/2018 Book      
    Perpustakaan Yan Pinjaman Kanak-kanak 19/09/2012 K 499.2386 HAM A01382682 22/09/2022 Book 2 1 14/08/2022